000 01213nam a22002777a 4500
001 TZ 0106
003 gtcocun
005 20251003191241.0
006 a||||gr|||| 00| 0
007 ta
008 251003b2024 gt ||||| m||| 00| 0 eng d
040 _agtcocun
_bSPA
_cgtcocun
_eRDA
041 _aSPA TZ 0106
084 _0TZ 0106
100 _aTi Chavarría, Helen Lizeth
_eAutor
245 _aINFORME FINAL DEL EJERCICIO PROFESIONAL SUPERVISADO, REALIZADO EN AL MUNICIPALIDAD DE SAN CRISTÓBAL VERAPAZ, ALTA VERAPAZ./
_cHelen Lizeth Ti Chavarría.
_hImpreso
264 _aCobán, Alta Verapaz:
_bUniversidad de San Carlos de Guatemala, Centro Universitario del Norte, Zootecnia
_c2024
300 _a60 p.:
_bIlustraciones, gráficas.
_c28 cm;
502 _eTZ 0106
502 _aTesis de grado
_bZootecnia,
_cUniversidad de San Carlos de Guatemala, Centro Universitario del Norte, Zootecnia
_d2024
_oTZ 0106
650 1 4 _2LEMB
_aSan Cristóbal Verapaz, Alta Verapaz.
_xZootecnia
_xLas Pacayas
_xChiyuc
_xChilley
_xChipozo
_xLaguna Chicoj
700 _eAsesor
856 _uSin archivo en línea.
_zSin archivo en línea.
942 _2ddc
_cTES
_iTZ 0106
_kClasificación
_n0
_6TZ_0106_000000000000000
999 _c2228
_d2228